Asbab -e- Baghawat -e- Hind (Record no. 534145)
[ view plain ]
| 000 -LEADER | |
|---|---|
| fixed length control field | 00488 a2200169 4500 |
| 001 - CONTROL NUMBER | |
| control field | 90457 |
| 003 - CONTROL NUMBER IDENTIFIER | |
| control field | NUST |
| 005 - DATE AND TIME OF LATEST TRANSACTION | |
| control field | 20200204121747.0 |
| 038 ## - RECORD CONTENT LICENSOR | |
| Staff Name | MSOHAIL |
| 082 ## - DEWEY DECIMAL CLASSIFICATION NUMBER | |
| Classification number | 954.0317 SYE |
| 100 ## - MAIN ENTRY--PERSONAL NAME | |
| Personal name | Sir Syed Ahmed Khan; Salim Al Din Quraishi |
| 9 (RLIN) | 28291 |
| 245 ## - TITLE STATEMENT | |
| Title | Asbab -e- Baghawat -e- Hind |
| Statement of responsibility, etc. | Sir Syed Ahmed Khan; Salim Al Din Quraishi |
| 260 ## - PUBLICATION, DISTRIBUTION, ETC. | |
| Place of publication, distribution, etc. | Lahore |
| Name of publisher, distributor, etc. | Sang-e-Meel Publications |
| Date of publication, distribution, etc. | 2009 |
| 300 ## - PHYSICAL DESCRIPTION | |
| Extent | 215p. |
| 500 ## - GENERAL NOTE | |
| General note | General Collection |
| 942 ## - ADDED ENTRY ELEMENTS (KOHA) | |
| Institution code [OBSOLETE] | CAE NUST |
| Call number prefix | 954.0317 SYE |
| Source of classification or shelving scheme | |
| Koha item type | Book |
| Withdrawn status | Lost status | Source of classification or shelving scheme | Damaged status | Not for loan | Permanent Location | Current Location | Date acquired | Total Checkouts | Full call number | Barcode | Date last seen | Price effective from | Koha item type |
|---|---|---|---|---|---|---|---|---|---|---|---|---|---|
| School of Civil and Environmental Engineering (SCEE) | School of Civil and Environmental Engineering (SCEE) | 02/04/2020 | 954.0317 SYE | NIT-9647 | 02/04/2020 | 02/04/2020 | Book |
